| 000 | 02080nam a2200433 c 4500 | ||
|---|---|---|---|
| 003 | BLK | ||
| 005 | 20250201105502.0 | ||
| 008 | 180408b bul|||||r ||||||| ||bul|| | ||
| 010 | _aKNG00098431000 | ||
| 020 |
_a978-954-26-0814-1 _bиздат.: Хермес |
||
| 040 | _aBLK | ||
| 041 |
_aBUL _cBUL |
||
| 072 | 7 |
_2bullib _aН61 _xМедицина Н |
|
| 072 | 7 |
_2bullib _aЛ09 _xЛечебна гимнастика, йога, цигун, мудри, каланетика и др. |
|
| 080 |
_aЛечебна физкултура. Гимнастика на йогите. Даоистки техники за самолечение _b615.825.1 _x(035) _z615.825.1(035) |
||
| 080 |
_aЙога _b294.527 _x(035) _z294.527(035) |
||
| 100 | 1 |
_aУелър, Стела _eпърви автор _9305538 |
|
| 700 | 1 |
_aРашева-Джейвънс, Валентина Борисова _eпрев. от англ. _9292305 |
|
| 139 |
_aУелър, Стела _bУ 29 |
||
| 245 | 1 | 0 |
_aЙога _bТехники за постигане на вътрешна хармония и спокойствие _cСтела Уелър; прев. от англ. Валентина Борисова Рашева-Джейвънс. |
| 257 | _aBGR | ||
| 260 |
_аПловдив _bХермес _c2009 _fКостинброд : Мултипринт |
||
| 300 |
_a128 с. _bс цв. ил. _c20 см |
||
| 380 | _a79 | ||
| 500 | _aОриг. загл. Yoga / Stella Weller. - Офс. изд. - Съдържа и Допълнителна литература. - Азб. показалец. | ||
| 650 | 4 |
_aЙога - наръчници и ръководства _9250531 |
|
| 650 | 4 |
_aЙога - гимнастика - наръчници и ръководства _9252270 |
|
| 653 | _aйога | ||
| 653 | _aнаръчници | ||
| 653 | _aръководства | ||
| 659 | _aЛ | ||
| 659 | _aН | ||
| 852 | _aЦб 250125 | ||
| 856 | 4 |
_qpdf _u |
|
| 856 | 4 |
_qpdf _u |
|
| 942 |
_cKNG _n0 _023 |
||
| 944 |
_aCR _c25.11.2010 _lМартин Енчев _k30575 |
||
| 944 |
_aED _c21.01.2013 _lф / _k |
||
| 999 |
_c93631 _d93631 |
||